000 00718nam a2200265Ia 4500
008 170203s9999 xx 000 0 und d
020 _a0-061065862
050 _aFic
050 _bE147n
100 _aEllis, Carol.
245 4 _aThe case of the green ghost /
245 _cby Carol Ellis.
260 _aNew York :
260 _bScholastic,
260 _c1999
300 _a83 pages :
300 _c20 cm.
440 _aNew adventures of Mary-Kate & Ashley.
500 _a"A Parachute Press book."
650 _aMystery and detective stories.
650 _aOlsen, Ashley, -- 1986- --
650 _aOlsen, Mary-Kate, -- 1986- --
650 _xJuvenile fiction.
650 _xJuvenile fiction.
999 _c306654
_d306654